000 00449nam a2200157Ia 4500
008 240729s9999 xx 000 0 und d
022 _a2456-1975
245 0 _aBLDE University Journal of Health Sciences
260 _aIndia
260 _bWolters Kluwer Medknow Publications
650 _a Therapeutics. Pharmacology
650 _aMedicine
856 _uhttps://doaj.org/toc/a4fe946b84aa405193371bf4b4aea0b1
942 _2ddc
942 _cDOAJEJ
999 _c69732
_d69732
945 _a1
_bMadushi Gamage
_c1
_dMadushi Gamage